Textbook of pediatric nursing for BSC Nursing students (Record no. 2607)

MARC details
000 -LEADER
fixed length control field 00405nam a22001457a 4500
008 - FIXED-LENGTH DATA ELEMENTS--GENERAL INFORMATION
fixed length control field 250324b |||||||| |||| 00| 0 eng d
020 ## - INTERNATIONAL STANDARD BOOK NUMBER
ISBN 9789390619801
100 ## - MAIN ENTRY--AUTHOR
Author Pal Panchali
245 ## - TITLE STATEMENT
Title Textbook of pediatric nursing for BSC Nursing students
260 ## - PUBLICATION, DISTRIBUTION, ETC. (IMPRINT)
Place of publication New Delhi
Name of publisher CBS Publishers $ distributors
Date of publication 2022
300 ## - COLLATION
Pagination xx,536p
650 ## - TRACINGS
Main Subject Pediatric Nursing
942 ## - ADDED ENTRY ELEMENTS (KOHA)
Item type Books
050 ## - LIBRARY OF CONGRESS CALL NUMBER
Classification number RJ245
Item number .P35
Holdings
Source of classification or shelving scheme Not for loan Permanent location Current location Date acquired Accession No. Full call number Barcode. Koha item type
Library of Congress Classification   Medical Library Medical Library 03/24/2025 2025/64407-01 RJ245.P35 2025-0891 Books
Library of Congress Classification   Medical Library Medical Library 03/24/2025 2025/64407-01 RJ245.P35 2025-0892 Books